000 00961nas a2200289 4500
001 BR8101012
003 BR-BrBNA
005 20231205084532.0
007 ta
008 230509b bl.|||p| |||| 00| 00por d
040 _aBR-BrBNA
_bpor
_cBiblioteca Nacional de Agricultura
041 _a(Pt)
072 _aN10; N20
100 1 _aViana, L. de S.
100 1 _aMouchrek, E.
245 1 _aInstalacoes e equipamentos para coelhos [Cunuculus vulgaris; Minas Gerais; Brasil]
246 1 _aInstalations and equipment for rabbits [Cunuculus vulgaris; Minas Gerais; Brazil]
650 _aEngenharia rural
650 _aEquipamento rural
650 _aCoelho
650 _aGalpao
650 _aBebedouro
650 _aMinas Gerais
773 0 _tInforme Agropecuario - Empresa de Pesquisa Agropecuaria de Minas Gerais (Brazil)
_xISSN 0100-3364
_g(Mar 1981), v. 7(75) p. 3-5
_wBR8101012
909 _a202311
_bLúcia
_c55
_dLúcia Elande
942 _2AGRIS
_n0
_cANA
999 _c105786
_d105786